Internal-combustion engines (Record no. 20584)

000 -LEADER
fixed length control field 00522nam a22001931 4500
001 - CONTROL NUMBER
control field 20584
003 - CONTROL NUMBER IDENTIFIER
control field BD-DhUET
008 - FIXED-LENGTH DATA ELEMENTS--GENERAL INFORMATION
fixed length control field 750306s1945 nyua b 000 0 eng
040 ## - CATALOGING SOURCE
Original cataloging agency DLC
Transcribing agency DLC
Modifying agency BD-DhUET
082 ## - DEWEY DECIMAL CLASSIFICATION NUMBER
Classification number 621.43
Item number MAL/1945
100 ## - MAIN ENTRY--PERSONAL NAME
Personal name Maleev, V. L.
245 10 - TITLE STATEMENT
Title Internal-combustion engines
Remainder of title theory and design
250 ## - EDITION STATEMENT
Edition statement 2nd ed.
260 ## - PUBLICATION, DISTRIBUTION, ETC. (IMPRINT)
Place of publication, distribution, etc. London
Name of publisher, distributor, etc. McGraw-Hill
Date of publication, distribution, etc. 1945
300 ## - PHYSICAL DESCRIPTION
Extent xii, 636 p.
Other physical details ill.
Dimensions 22 cm.
504 ## - BIBLIOGRAPHY, ETC. NOTE
Bibliography, etc Includes bibliographies
650 #0 - SUBJECT ADDED ENTRY--TOPICAL TERM
Topical term or geographic name as entry element Internal combustion engines
942 ## - ADDED ENTRY ELEMENTS (KOHA)
Koha item type General Book
Holdings
Shelving location Koha item type Withdrawn status Source of classification or shelving scheme Damaged status Koha normalized classification for sorting Price effective from Sublocation or collection (holding branch) Location (home branch) Copy number Not for loan Koha full call number Date acquired Koha date last seen Lost status Piece designation (barcode)
Circulation sectionGeneral Book   621_430000000000000_MAL_19452015-04-12Central Library, BUETCentral Library, BUET1 621.43/MAL/19452015-04-122015-04-12 20397
Circulation sectionGeneral Book   621_430000000000000_MAL_19452015-04-13Central Library, BUETCentral Library, BUET2 621.43/MAL/19452015-04-132015-04-13 6558
Circulation sectionGeneral Book   621_430000000000000_MAL_19452015-04-13Central Library, BUETCentral Library, BUET3 621.43/MAL/19452015-04-132015-04-13 1951a
Circulation sectionGeneral Book   621_430000000000000_MAL_19452015-04-18Central Library, BUETCentral Library, BUET4 621.43/MAL/19452015-04-182015-04-18 11309
Reading sectionReading Item   621_430000000000000_MAL_19452015-06-16Central Library, BUETCentral Library, BUET5 621.43/MAL/19452015-06-162015-06-16 43348
Reading sectionReading Item   621_430000000000000_MAL_19452015-06-30Central Library, BUETCentral Library, BUET6 621.43/MAL/19452015-06-302015-06-30 16327
Reading sectionReading Item   621_430000000000000_MAL_19452015-07-02Central Library, BUETCentral Library, BUET7 621.43/MAL/19452015-07-022015-07-02 43347